Daň z motorových vozidiel v kontexte príjmov štátneho rozpočtu

Príspevok poukazuje na základné povinnosti daňových subjektov dane z motorových vozidiel, ako aj na nadväznosť uvedenej dane na príjmovú časť štátneho rozpočtu. Daň z motorových vozidiel v kontexte zákona o dani z motorových vozidiel. Vplyv podaných daňových priznaní na štátny rozpočet.

Salvato in:
Dettagli Bibliografici
Autore principale: Víghová, Agneša
Natura: Capitolo di libro
Lingua:slovacco
Soggetti:
Tags: Aggiungi Tag
Nessun Tag, puoi essere il primo ad aggiungerne!!

MARC

LEADER 00000naa a2200000 4500
001 0301354
005 20240614085100.3
041 0 |a slo 
044 |a SK 
245 1 0 |a Daň z motorových vozidiel v kontexte príjmov štátneho rozpočtu  |c Agneša Víghová 
520 |a Príspevok poukazuje na základné povinnosti daňových subjektov dane z motorových vozidiel, ako aj na nadväznosť uvedenej dane na príjmovú časť štátneho rozpočtu. Daň z motorových vozidiel v kontexte zákona o dani z motorových vozidiel. Vplyv podaných daňových priznaní na štátny rozpočet. 
610 2 0 |a vozidlá motorové 
610 2 0 |a dane z vozidiel motorových 
610 2 0 |a dane priame 
610 2 0 |a povinnosť daňová 
610 2 0 |a priznania daňové 
610 2 0 |a rozpočet štátny 
610 2 0 |a príjmy daňové 
610 2 0 |a príjmy rozpočtu štátneho 
610 2 0 |a úpravy právne 
610 2 0 |a zákony 
610 2 0 |a legislatíva 
100 1 |a Víghová, Agneša